Internet na Slovensku ešte nemá tradíciu

Odhady o tom, koľko domácností je v súčasnosti pripojených na internet, sa rozchádzajú. Najväčšie bariéry internetizácie na Slovensku. Porovnanie s Českom.

Salvato in:
Dettagli Bibliografici
Autore principale: Danielis, Juraj
Natura: Capitolo di libro
Lingua:slovacco
Soggetti:
Tags: Aggiungi Tag
Nessun Tag, puoi essere il primo ad aggiungerne!!

MARC

LEADER 00000naa a2200000 4500
001 r049134
005 20230925124526.1
041 0 |a slo 
044 |a SK 
245 1 0 |a Internet na Slovensku ešte nemá tradíciu  |c Juraj Danielis 
520 |a Odhady o tom, koľko domácností je v súčasnosti pripojených na internet, sa rozchádzajú. Najväčšie bariéry internetizácie na Slovensku. Porovnanie s Českom. 
610 2 0 |a internet 
610 2 0 |a používatelia 
610 2 0 |a Slovensko 
610 2 0 |a štatistika 
610 2 0 |a Česko 
100 1 |a Danielis, Juraj